000 00946nas a2200289 4500
001 BR0405175
003 BR-BrBNA
005 20231205104939.0
007 ta
008 230509b bl.|||p| |||| 00| 00por d
040 _aBR-BrBNA
_bpor
_cBiblioteca Nacional de Agricultura
041 _a(Pt)
072 _aC10; E80
100 1 _aNunes, A.A.S.
100 1 _aGoicochea, A.R. de
100 1 _aSilva, C.S.M.
100 1 _aFialho, I.G.
245 1 _aAvaliação do potencial de rendimento escolar: caso das crianças que cursaram o pré-escolar no CDH-CBMM em relação às de outras escolas de Araxá, MG
650 _aCRIANÇA
650 _aESCOLA
650 _aEDUCAÇÃO
650 _aECONOMIA DOMÉSTICA
650 _aMINAS GERAIS
773 0 _tOIKOS - Revista Brasileira de Economia Doméstica (Brazil)
_xISSN 0101-5273
_g(1995), v. 9(1) p. 58-68
_wBR0405175
909 _a202311
_bLúcia
_c55
_dLúcia Elande
942 _2AGRIS
_n0
_cANA
999 _c180437
_d180437